Top 10 Jurassic Park Characters - Statistics

General Stats
  • This quiz has been taken 179 times
  • The average score is 7 of 10
Answer Stats
Rank Answer % Correct
1 Alan Grant
97%
2 Ellie Sattler
96%
3 Ian Malcolm
93%
4 John Hammond
86%
10 Timmy Murphy
80%
9 Dennis Nedry
76%
5 Robert Muldoon
65%
8 Ray Arnold
59%
6 Donald Gennaro
50%
7 Henry Wu
47%
No matching quizzes found
Score Distribution
Percent of People with Each Score
Percentile by Number Answered
Your Score History
You have not taken this quiz